| 000 | 01816cam a2200181 4500500 | ||
|---|---|---|---|
| 005 | 20251228050040.0 | ||
| 041 | _afre | ||
| 042 | _adc | ||
| 100 | 1 | 0 |
_aSantiago Delefosse, Marie _eauthor |
| 700 | 1 | 0 |
_aBruchez, Christine _eauthor |
| 245 | 0 | 0 | _aCritères de qualité de la recherche qualitative : enjeux et complexité |
| 260 | _c2015. | ||
| 500 | _a66 | ||
| 520 | _aLes auteurs cherchent à mettre au jour les phases par lesquelles s’est constitué un collectif de travail réunissant des professionnels situés à des places différentes (service de pédo-psychiatrie, protection judiciaire de la jeunesse, magistrature), dans l’accompagnement des jeunes auteurs de violences sexuelles. Au départ, la coordination des activités entre magistrats, éducateurs justice et soignants, éducateurs justice et magistrats s’effectuait avec prudence, voire avec réticence et méfiance. Sont précisées la dynamique de construction du partenariat, les principales difficultés rencontrées, ainsi que les ressources et voies de dégagement mises progressivement en œuvre. | ||
| 520 | _aThis paper aims to identify the several phases that a collective group of professionals in different places (psychiatry, education, magistrature) must undertake to accompany young sexual offenders. Initially the coordination of activities between magistrates, legal educators and social workers, was carried out cautiously or even reluctantly and with suspicion. This text identifies the construction of the partnership, the main difficulties encountered and also the resources and the options implemented. | ||
| 786 | 0 | _nBulletin de psychologie | uméro 539 | 5 | 2015-12-01 | p. 409-414 | 0007-4403 | |
| 856 | 4 | 1 | _uhttps://shs.cairn.info/revue-bulletin-de-psychologie-2015-5-page-409?lang=fr&redirect-ssocas=7080 |
| 999 |
_c1579662 _d1579662 |
||